[Event "Winter Series, S50041"]
[Site "CCLA"]
[Date "2015.01.28"]
[Round "?"]
[White "Berger, Byron"]
[Black "Rasmussen, Bruce A."]
[Result "1-0"]
[WhiteElo "1511"]
[BlackElo "1373"]

1. Nc3 e5 2. e4 Nf6 3. Nf3 Nc6 4. d4 d6 5. dxe5 dxe5 6. Qxd8+ Nxd8 7. Bg5 
Ne6 8. Bxf6 gxf6 9. O-O-O Bd6 10. Nd5 Nc5 11. Nxf6+ Kf8 12. Bc4 Kg7 13. 
Nh5+ Kf8 14. Ng3 h5 15. Ng5 Ne6 16. Nxe6+ fxe6 17. h4 Bc5 18. Rd8+ Kg7 19.
 Rxh8 Kxh8 20. f3 Bd7 21. Nxh5 b5 22. Nf6 Rd8 23. Nxd7 Be3+ 24. Kb1 Rxd7 
25. Bxb5 Rd2 26. g4 Rd6 27. c3 Rb6 28. Bc4 Bc5 29. Rd1 Ba3 30. b3 Rb8 31. 
Bxe6 a5 32. Rd5 c5 33. Rxe5 c4 34. Rxa5 Bd6 35. Bxc4 1-0

[Event "2015 REGULAR QUAD, S50239"]
[Site "CCLA"]
[Date "2015.05.29"]
[Round "?"]
[White "Gunning, Edward E."]
[Black "Smiley, William R."]
[Result "0-1"]
[WhiteElo "1439"]
[BlackElo "1613"]

1. e4 e5 2. Nf3 Nc6 3. Nc3 Nf6 4. d4 d6 5. Bc4 Bg4 6. Be3 Bxf3 7. gxf3 Be7
8. d5 Nb8 9. f4 exf4 10. Bxf4 O-O 11. Qe2 Nbd7 12. O-O-O Re8 13. Rhg1 Bf8 
14. Bh6 Kh8 15. Bf4 Ne5 16. Bb5 Nfd7 17. Bg5 f6 18. Bh4 a6 19. Bd3 Nxd3+ 
20. Rxd3 Ne5 21. Rdg3 Ng6 22. Rxg6 hxg6 23. Rxg6 Kg8 24. Qh5 Re5 25. Qh6 
Kf7 26. Qh7 Ke8 27. f4 Re7 28. e5 dxe5 29. f5 e4 30. Qh8 Kd7 31. Bxf6 gxf6
32. Qxf6 Kc8 33. d6 Rd7 34. Qe6 cxd6 35. Nd5 b5 36. Rg8 Kb7 37. Kd1 Qe8 
38. Qxe8 Rxe8 39. Nf6 Rdd8 40. Nxe8 Rxe8 41. h4 Rc8 42. f6 Be7 43. f7 Rf8 
44. h5 Rxf7 45. h6 Bf6 46. b3 d5 47. Rg6 Bc3 48. Ke2 Rf6 49. Rg7+ Kc6 50. 
Rg3 b4 51. Rh3 Rf8 52. Rg3 Rh8 53. Rg6+ Kb5 54. Ke3 Bb2 55. Ke2 Bc1 56. 
Rd6 Kc5 57. Rxa6 Rxh6 58. Ra5+ Kd4 59. Ra4 Rh2+ 60. Kd1 Ba3 61. Ra6 e3 62.
 Re6 e2+ 63. Kd2 Bb2 64. Rxe2 Rxe2+ 65. Kxe2 Kc3 0-1

[Event "2015  Server Team - Div 3, S53999"]
[Site "CCLA"]
[Date "2015.10.30"]
[Round "?"]
[White "Gunning, Edward E."]
[Black "Shannon, Paul D."]
[Result "0-1"]
[WhiteElo "1439"]
[BlackElo "1865"]
[Board "4"]
[WhiteTeam "Knights of the Square Table"]
[BlackTeam "Canadian Snowbirds"]

1. e4 e5 2. Nf3 Nc6 3. Nc3 Nf6 4. d4 exd4 5. Nxd4 Bb4 6. Nxc6 bxc6 7. Bd2 
O-O 8. Bd3 Re8 9. Qe2 d6 10. O-O h6 11. h3 Bf5 12. f3 Bg6 13. a3 Bc5+ 14. 
Be3 Bb6 15. Kh1 Nh5 16. Bf2 Nf4 17. Qd2 Qg5 18. Rg1 Nxd3 19. Qxg5 Nxf2+ 
20. Kh2 hxg5 21. Nd1 Nxd1 22. Rgxd1 f5 23. Kg3 fxe4 24. Rh1 e3 25. Kg4 e2 
26. Kxg5 Bxc2 0-1

[Event "Winter Series, S50071"]
[Site "CCLA"]
[Date "2015.01.28"]
[Round "?"]
[White "Stewart, Scott A."]
[Black "Lyons, Brenda M."]
[Result "1-0"]
[WhiteElo "1343"]
[BlackElo "1221"]

1. e4 e5 2. Nf3 Nf6 3. Nc3 Nc6 4. Bb5 Bd6 5. O-O a6 6. Bxc6 bxc6 7. d4 
exd4 8. Qxd4 O-O 9. e5 c5 10. Qh4 Bxe5 11. Nxe5 d6 12. Bg5 dxe5 13. Rad1 
Qe8 14. Bxf6 gxf6 15. Nd5 Qe6 16. Nxf6+ 1-0

[Event "2015 REGULAR QUAD, S50259"]
[Site "CCLA"]
[Date "2015.06.10"]
[Round "?"]
[White "Bearce, Harold L."]
[Black "Martindale, Roger"]
[Result "0-1"]
[WhiteElo "1095"]
[BlackElo "1174"]

1. e4 e5 2. Nf3 Nc6 3. Bc4 h6 4. O-O Nf6 5. Re1 Bc5 6. Nc3 Ng4 7. Bb5 
Bxf2+ 8. Kh1 Bxe1 9. Qxe1 Nb4 10. Qd1 Nf2+ 0-1

[Event "2015  Server Team - Div 3, S53999"]
[Site "CCLA"]
[Date "2015.10.30"]
[Round "?"]
[White "Simonson, Jay"]
[Black "Hardwick, Martin E."]
[Result "1-0"]
[WhiteElo "1349"]
[BlackElo "1456"]
[Board "6"]
[WhiteTeam "Idaho Mountaineers"]
[BlackTeam "BCCA Bishops"]

1. e4 e5 2. Nf3 Nc6 3. Bc4 Be7 4. d3 d6 5. c3 Bg4 6. h3 Bxf3 7. Qxf3 Nf6 
8. Bg5 O-O 9. O-O a6 10. Nd2 b5 11. Bxf6 Bxf6 12. Bd5 Qd7 13. Qh5 Ra7 14. 
Nf3 Ne7 15. Ng5 Bxg5 16. Qxg5 Ng6 17. Rae1 c6 18. Bb3 d5 19. exd5 cxd5 20.
 d4 e4 21. Bxd5 h6 22. Qe3 Qxd5 23. Qxe4 Qxe4 24. Rxe4 Raa8 25. b3 Rfe8 
26. Rfe1 Kf8 27. a4 Rxe4 28. Rxe4 Re8 29. f3 Rxe4 30. fxe4 Ne7 31. axb5 
axb5 32. Kf2 Ke8 33. Ke3 Kd7 34. Kf4 Kd6 35. d5 Ng6+ 36. Ke3 h5 37. g3 Ne5
38. Kd4 Nd7 39. c4 bxc4 40. bxc4 g5 41. e5+ Nxe5 42. c5+ Kd7 43. Kxe5 Ke7 
44. d6+ Kd7 45. Kf6 Kc6 46. Ke7 f5 47. d7 f4 48. d8=Q f3 49. Qe8+ Kxc5 50.
 Qxh5 f2 51. Qxg5+ Kd4 52. Qf4+ 1-0

[Event "2015 NA Class C-Rd1 Sect 1, S50091"]
[Site "CCLA"]
[Date "2015.04.27"]
[Round "?"]
[White "McLaughlin, Ed"]
[Black "Smiley, William R."]
[Result "0-1"]
[WhiteElo "1493"]
[BlackElo "1587"]

1. e4 e5 2. Nf3 Nc6 3. Bc4 Bc5 4. O-O Nf6 5. Re1 d6 6. c3 Bg4 7. Bxf7+ 
Kxf7 8. Qb3+ Ke7 9. Ng5 Qg8 10. Qxb7 Kd7 11. b4 Bb6 12. Qa6 h6 13. Nf3 
Bxf3 14. gxf3 Qc8 15. Qc4 Rf8 16. a4 a6 17. Ba3 Qe8 18. Qf1 Rf7 19. d3 Qe6
20. Nd2 Nh5 21. Nc4 Ba7 22. b5 axb5 23. axb5 Nd8 24. Nd2 Nf4 25. Kh1 Rf6 
26. Bc1 Nh3 27. Re2 Rg6 28. Bb2 Rg1+ 29. Qxg1 Nxg1 30. Rxg1 g5 31. d4 Nf7 
32. d5 Qe8 33. Nc4 Qb8 34. Na3 Bc5 35. Ra1 Bxa3 36. Rxa3 Rxa3 37. Bxa3 
Qxb5 38. Re1 Qd3 39. Kg2 Qxc3 40. Re3 Qc2 41. Bb4 Nh8 42. Be1 Ng6 43. Kf1 
Nf4 44. Kg1 Qd1 45. Kf1 Nd3 46. Re2 Nxe1 47. Rxe1 Qxf3 48. Kg1 h5 49. Re3 
Qf4 50. Kg2 g4 51. Kg1 h4 52. Kg2 g3 53. hxg3 hxg3 0-1

[Event "2015 NA Class D Ch - Rd 1 Sect 2, S50121"]
[Site "CCLA"]
[Date "2015.04.27"]
[Round "?"]
[White "Gunning, Edward E."]
[Black "Benson, Katie J."]
[Result "1-0"]
[WhiteElo "1443"]
[BlackElo "1185"]

1. e4 e5 2. Nf3 Nc6 3. Bc4 Nf6 4. Nc3 Bc5 5. O-O O-O 6. Nd5 Nxd5 7. Bxd5 
d6 8. h3 h6 9. c3 Bd7 10. b4 Bb6 11. d4 Kh8 12. b5 Ne7 13. Qb3 f6 14. Bxb7
Rb8 15. Bd5 g5 16. Be6 Bxe6 17. Qxe6 Qc8 18. Qxe7 Qd8 19. Qxd8 1-0

[Event "2015 REGULAR QUAD, S50109"]
[Site "CCLA"]
[Date "2015.03.13"]
[Round "?"]
[White "Gunning, Edward E."]
[Black "Strelecky, Rich"]
[Result "0-1"]
[WhiteElo "1439"]
[BlackElo "1670"]

1. e4 e5 2. Nf3 Nc6 3. Bc4 Bc5 4. O-O Nf6 5. Nc3 d6 6. h3 h6 7. d3 Ne7 8. 
d4 exd4 9. Nxd4 c6 10. Nf3 Ng6 11. Qe2 O-O 12. e5 Re8 13. Rd1 d5 14. Bb3 
Bd6 15. Qd3 Nxe5 16. Nxe5 Bxe5 17. Ne2 Ne4 18. c3 Qf6 19. f3 Nc5 20. Qe3 
Bh2+ 0-1

[Event "2015 NA Server Ch (CCLA Rules), S50169"]
[Site "CCLA"]
[Date "2015.04.27"]
[Round "?"]
[White "Belanoff, Stuart"]
[Black "Sereni, Vincent T."]
[Result "1-0"]
[WhiteElo "2264"]
[BlackElo "2123"]

1. e4 e5 2. Nf3 Nc6 3. Bc4 Bc5 4. b4 Bxb4 5. c3 Bd6 6. d4 Nf6 7. O-O O-O 
8. Re1 h6 9. Nbd2 Re8 10. Bd3 exd4 11. cxd4 Bf8 12. d5 Nb4 13. Bc4 Rb8 14.
 Bb2 b5 15. Bf1 Na6 16. Qc2 Nc5 17. Ba3 b4 18. Bb2 d6 19. Nd4 Bd7 20. f3 
Ba4 21. N2b3 Nfd7 22. Rac1 Rb6 23. Qd2 Be7 24. Nf5 Bf8 25. Na5 Ne5 26. Nd4
Qh4 27. Re3 Qg5 28. Qf2 Qd8 29. h3 Qc8 30. f4 Ng6 31. Rce1 Qd7 32. Bc4 Be7
33. Nac6 Bh4 34. g3 Nxf4 35. Qxf4 Bg5 36. Qf2 Bxe3 37. Rxe3 f6 38. Nf5 Kh7
39. Bxf6 Rxe4 40. Nxg7 Rxc4 41. Qf1 Bxc6 42. Re7 Qxe7 43. Bxe7 Bxd5 44. 
Nh5 Be6 45. Qf8 Rc1+ 46. Kf2 Ne4+ 47. Ke3 Re1+ 48. Kd3 Bc4+ 49. Kxc4 Rc6+ 
50. Kd4 Rd1+ 51. Kxe4 d5+ 52. Ke5 1-0

[Event "Summer Series, S50341"]
[Site "CCLA"]
[Date "2015.07.25"]
[Round "?"]
[White "Bearce, Harold L."]
[Black "Leber, David"]
[Result "0-1"]
[WhiteElo "1111"]
[BlackElo "1311"]

1. e4 e5 2. Nf3 Nc6 3. Bc4 Bc5 4. b4 Bxb4 5. c3 Bc5 6. O-O Nf6 7. d4 Bb6 
8. Ng5 O-O 9. h3 d6 10. Be3 Qd7 11. Nd2 exd4 12. cxd4 d5 13. Bb3 Nb4 14. 
Rc1 dxe4 15. Ndxe4 Nxe4 16. Nxe4 Qf5 17. Ng3 Qg6 18. Qe2 Be6 19. Bxe6 Qxe6
20. Rc3 Nxa2 21. Ra3 Rfe8 22. Qxa2 Qd6 23. Rc1 Re6 24. Ne2 c6 25. Kf1 Qh2 
26. Bf4 Qh1+ 27. Ng1 Bxd4 28. Rd1 Bb6 29. f3 Qxg1# 0-1

[Event "Winter Series, S50021"]
[Site "CCLA"]
[Date "2015.01.28"]
[Round "?"]
[White "Ramsden, Jim E."]
[Black "Havrilla, Mark"]
[Result "1-0"]
[WhiteElo "1819"]
[BlackElo "1857"]

1. e4 e5 2. Nf3 Nc6 3. Bc4 Bc5 4. b4 Bxb4 5. c3 Ba5 6. d4 d6 7. Qb3 Qd7 8.
 Nbd2 Bb6 9. dxe5 dxe5 10. Ba3 Na5 11. Qb4 c5 12. Qb2 f6 13. Bb5 Nc6 14. 
O-O-O Qe7 15. Nc4 Bc7 16. Rd5 Bb6 17. Nd6+ Kf8 18. Rxc5 Bxc5 19. Bxc5 1-0

[Event "2015 REGULAR QUAD, S50089"]
[Site "CCLA"]
[Date "2015.03.06"]
[Round "?"]
[White "Catania, Duane"]
[Black "Williams, Rufus H."]
[Result "1-0"]
[WhiteElo "1642"]
[BlackElo "1309"]

1. e4 e5 2. Nf3 Nc6 3. Bc4 Bc5 4. c3 d6 5. d4 exd4 6. cxd4 Nxd4 7. Nxd4 
Bxd4 8. Qxd4 Nf6 9. Bg5 O-O 10. Bxf6 Qxf6 11. Qxf6 gxf6 12. O-O Bd7 13. 
Nc3 Rae8 14. f3 c6 15. Rfd1 Be6 16. Bxe6 Rxe6 17. Rd2 Rfe8 18. Rad1 Rd8 
19. Kf2 Kh8 20. Ne2 c5 21. Nf4 Re7 22. Rxd6 Rxd6 23. Rxd6 f5 24. exf5 b6 
25. Nh5 Rc7 26. Rd8# 1-0

[Event "2015 REGULAR QUAD, S50369"]
[Site "CCLA"]
[Date "2015.08.11"]
[Round "?"]
[White "Graupera, Carlos"]
[Black "Smiley, William R."]
[Result "1/2-1/2"]
[WhiteElo "1466"]
[BlackElo "1613"]

1. e4 e5 2. Nf3 Nc6 3. Bc4 Bc5 4. c3 Nf6 5. d3 h6 6. Nbd2 O-O 7. Nf1 Ng4 
8. Ne3 Nxe3 9. Bxe3 d6 10. h3 Bxe3 11. fxe3 Ne7 12. O-O c6 13. d4 d5 14. 
exd5 cxd5 15. Bb3 e4 16. Nd2 Be6 17. c4 Qd6 18. cxd5 Bxd5 19. Bxd5 Qxd5 
20. Qb3 f5 21. Rac1 Qxb3 22. Nxb3 b6 23. Nd2 Rac8 1/2-1/2

[Event "Summer Series, S50311"]
[Site "CCLA"]
[Date "2015.07.25"]
[Round "?"]
[White "Catania, Duane"]
[Black "Hadley, Douglas R."]
[Result "0-1"]
[WhiteElo "1642"]
[BlackElo "1660"]

1. e4 e5 2. Nf3 Nc6 3. Bc4 Bc5 4. c3 Nf6 5. d3 O-O 6. Bb3 d5 7. exd5 Nxd5 
8. O-O Bg4 9. h3 Bh5 10. Re1 Nb6 11. Bc2 f5 12. Nbd2 Kh8 13. Nf1 a5 14. 
Ng3 Bxf3 15. gxf3 f4 16. Ne4 Qh4 17. Nxc5 Qxh3 18. Bxf4 exf4 19. Qe2 Qh5 
20. d4 Rae8 21. Qf1 Qg5+ 22. Qg2 Qxg2+ 23. Kxg2 Nd8 24. Be4 c6 25. Rh1 h6 
26. Nd3 Rf6 27. b3 Nf7 28. c4 g5 29. Rad1 Nd7 30. d5 c5 31. Rde1 Nd6 32. 
Kh3 Kg7 33. Re2 b6 34. Rhe1 h5 35. a3 Rff8 36. Kg2 Ne5 37. Nxe5 Rxe5 38. 
Bd3 Rxe2 39. Rxe2 Re8 40. Be4 Kf6 41. Bd3 Rxe2 42. Bxe2 Ke5 43. Bd3 Kd4 
44. Bg6 h4 0-1

[Event "Summer Series, S50301"]
[Site "CCLA"]
[Date "2015.07.25"]
[Round "?"]
[White "Evans, Stanley W."]
[Black "Avery, Bryce"]
[Result "1-0"]
[WhiteElo "1834"]
[BlackElo "1657"]

1. e4 e5 2. Nf3 Nc6 3. Bc4 Nf6 4. d3 Bc5 5. c3 O-O 6. b4 Bb6 7. a4 a6 8. 
Bg5 d6 9. Nbd2 h6 10. Bh4 Qe7 11. O-O Be6 12. Re1 Bxc4 13. Nxc4 Ba7 14. b5
axb5 15. axb5 Nd8 16. Bxf6 Qxf6 17. Re2 Ne6 18. Rea2 1-0

[Event "Premier Quad, S50269"]
[Site "CCLA"]
[Date "2015.06.15"]
[Round "?"]
[White "Catania, Duane"]
[Black "Strelecky, Rich"]
[Result "0-1"]
[WhiteElo "1684"]
[BlackElo "1667"]

1. e4 e5 2. Nf3 Nc6 3. Bc4 Nf6 4. d3 Bc5 5. c3 h6 6. O-O d6 7. Bb3 O-O 8. 
Nbd2 a6 9. h3 Re8 10. Re1 b5 11. Nf1 Be6 12. Bc2 Qd7 13. d4 exd4 14. cxd4 
Bb4 15. Bd2 d5 16. e5 Nh7 17. a3 Be7 18. Ng3 Ng5 19. Bxg5 hxg5 20. Qd3 g6 
21. Rac1 g4 22. hxg4 Bxg4 23. e6 Bxe6 24. Qe3 Kg7 25. Ng5 Bg4 26. Nxf7 
Kxf7 27. Qh6 Rg8 28. f3 Be6 29. Qh7+ Kf6 30. Nh5+ gxh5 31. Qh6+ Kf7 32. 
Bh7 Rg7 33. Qxh5+ Kf8 34. Rcd1 Bf6 35. Qh6 Bxd4+ 36. Kf1 Bg8 37. Bxg8 Kxg8
38. Re6 Nd8 39. Re2 Nf7 40. Qh4 Bc5 41. Qh5 Rg5 42. Qh4 Kg7 43. Red2 Rh8 
0-1

[Event "Summer Series, S50311"]
[Site "CCLA"]
[Date "2015.07.25"]
[Round "?"]
[White "Catania, Duane"]
[Black "Greco, Tom"]
[Result "1-0"]
[WhiteElo "1642"]
[BlackElo "1641"]

1. e4 e5 2. Nf3 Nc6 3. Bc4 Bc5 4. c3 Nf6 5. d3 a6 6. Bb3 Ba7 7. O-O d6 8. 
Nbd2 O-O 9. h3 h6 10. Re1 Nh5 11. Nf1 Qf6 12. Be3 Bxe3 13. fxe3 Qe7 14. 
Qd2 Na5 15. Bc2 f5 16. exf5 Rxf5 17. Bd1 Rf8 18. N3h2 Qg5 19. Ng4 Nf6 20. 
Nfh2 Nc6 21. Nf3 Qg6 22. Nh4 Qe8 23. Bb3+ Kh7 24. Nxf6+ Rxf6 25. Rf1 Qe7 
26. Rxf6 Qxf6 27. Qf2 Qxf2+ 28. Kxf2 g5 29. Nf3 g4 30. hxg4 Bxg4 31. Kg3 
h5 32. Rf1 Kh6 33. Nh2 Kg5 34. Nxg4 hxg4 35. Rf7 Re8 36. Rxc7 Re7 37. Rxe7
Nxe7 38. Be6 Nf5+ 39. Bxf5 Kxf5 40. c4 a5 41. Kh4 a4 42. b3 a3 43. b4 b6 
44. g3 b5 45. cxb5 Ke6 46. Kxg4 e4 47. dxe4 1-0

[Event "2015  Server Team - Div 3, S53999"]
[Site "CCLA"]
[Date "2015.10.30"]
[Round "?"]
[White "Simonson, Jay"]
[Black "Selby, Robin"]
[Result "1-0"]
[WhiteElo "1349"]
[BlackElo "1190"]
[Board "6"]
[WhiteTeam "Idaho Mountaineers"]
[BlackTeam "Canadian Snowbirds"]

1. e4 e5 2. Nf3 Nc6 3. Bc4 Nf6 4. d3 Bc5 5. c3 a6 6. O-O b5 7. Bd5 Bb7 8. 
Ng5 O-O 9. Qb3 Rb8 10. Bxf7+ Kh8 11. Bd5 Na5 12. Qc2 Bxd5 13. exd5 c6 14. 
b4 Bxf2+ 15. Rxf2 h6 16. Ne4 Nb7 17. dxc6 dxc6 18. Nxf6 Rxf6 19. Rxf6 Qxf6
20. Be3 Nd6 21. d4 Nc4 22. Bf2 Re8 23. Nd2 Nxd2 24. Qxd2 Rd8 25. Rf1 e4 
26. Qe3 Re8 27. Bg3 Qg5 28. Qxg5 hxg5 29. Be5 Kh7 30. Re1 Kg6 31. Rxe4 Kf5
32. Re3 g4 33. Rg3 g6 34. h3 gxh3 35. Rxh3 Rg8 36. Rh6 Ra8 37. Bc7 Re8 38.
 Kf2 Re7 39. Bd6 Rf7 40. Kg3 Kg5 41. Rh8 Kf5 42. Rc8 Rf6 43. Be5 Rf7 44. 
Kf3 Kg5+ 45. Ke3 Kg4 46. Rxc6 g5 47. Rxa6 Rb7 48. d5 Kf5 49. Kd4 Re7 50. 
Rf6+ Kg4 51. Rg6 Kf5 52. Rf6+ Kg4 53. Ke4 Rh7 54. Rg6 Rh4 55. Rg7 Kh5+ 56.
 Kf5 Kh6 57. Rg8 Kh5 58. Rh8# 1-0

[Event "2015 Server Team Ch - Div 1, S51999"]
[Site "CCLA"]
[Date "2015.10.30"]
[Round "?"]
[White "Pinchon, Francois"]
[Black "Caliguire, John J."]
[Result "1/2-1/2"]
[WhiteElo "2307"]
[BlackElo "2092"]
[Board "3"]
[WhiteTeam "SchemingMind A"]
[BlackTeam "Pennsylvania Keystones"]

1. e4 e5 2. Nf3 Nc6 3. Bc4 Bc5 4. c3 Nf6 5. d3 a6 6. O-O Ba7 7. a4 O-O 8. 
Re1 h6 9. b4 d6 10. Nbd2 Qe7 11. h3 Be6 12. Bxe6 Qxe6 13. Nf1 d5 14. exd5 
Qxd5 15. c4 Qd6 16. c5 Qd8 17. Ba3 Re8 18. Qd2 Nd5 19. Rad1 Qd7 20. Qb2 b5
21. Nxe5 Nxe5 22. Rxe5 bxa4 23. Re4 Rab8 24. Qd4 Red8 25. Qc4 c6 26. Ne3 
Rb5 27. Qc2 Bb8 28. Nxd5 Qxd5 29. Qxa4 Be5 30. Bc1 a5 31. Be3 1/2-1/2

[Event "2015 REGULAR QUAD, S50369"]
[Site "CCLA"]
[Date "2015.08.11"]
[Round "?"]
[White "Graupera, Carlos"]
[Black "Haase, F. Philip"]
[Result "0-1"]
[WhiteElo "1466"]
[BlackElo "1813"]

1. e4 e5 2. Nf3 Nc6 3. Bc4 Nf6 4. d3 Bc5 5. Nbd2 d6 6. c3 a6 7. Nf1 O-O 8.
 Ng3 b5 9. Bb3 a5 10. Be3 a4 11. Bc2 Bxe3 12. fxe3 Be6 13. O-O Na5 14. Nh4
Nxe4 15. Nxe4 Qxh4 16. Ng3 g6 17. e4 c5 18. d4 exd4 19. cxd4 Nc4 20. Qc1 
cxd4 21. Ne2 Ne3 22. Rf4 Qg5 23. Rf2 Qe5 24. Nf4 Rac8 25. Nxe6 fxe6 26. 
Re2 Ng4 27. g3 d3 0-1

[Event "Premier Quad, S50119"]
[Site "CCLA"]
[Date "2015.03.23"]
[Round "?"]
[White "Laven, George"]
[Black "Shannon, Paul D."]
[Result "0-1"]
[WhiteElo "1772"]
[BlackElo "1815"]

1. e4 e5 2. Nf3 Nc6 3. Bc4 Bc5 4. d4 exd4 5. c3 Nf6 6. e5 d5 7. Bb5 Ne4 8.
 cxd4 Bb6 9. Nc3 O-O 10. Be3 Bg4 11. h3 Bh5 12. O-O Nxc3 13. bxc3 Ne7 14. 
a4 c6 15. Bd3 Bg6 16. Nh4 Bxd3 17. Qxd3 Rc8 18. f4 f5 19. Rab1 Rb8 20. 
Rfe1 Qc8 21. Nf3 Ng6 22. g3 Re8 23. Bc1 Nf8 24. Ba3 g6 25. Bd6 Bc7 26. 
Bxc7 Qxc7 27. Ng5 h6 28. Nf3 Ne6 29. Nh4 Qf7 30. Kf2 b6 31. Ng2 Rf8 32. 
Ne3 g5 33. Ng2 Rbc8 34. Kg1 Qg6 35. Rf1 Rc7 0-1

[Event "2015 NA Class A Ch Finals, S50179"]
[Site "CCLA"]
[Date "2015.04.27"]
[Round "?"]
[White "Ramsden, Jim E."]
[Black "Smail, John"]
[Result "0-1"]
[WhiteElo "1819"]
[BlackElo "1720"]

1. e4 e5 2. Nf3 Nc6 3. Bc4 Nf6 4. d3 d5 5. exd5 Nxd5 6. O-O Bc5 7. Re1 O-O
8. Nc3 Nxc3 9. bxc3 Bg4 10. Be3 Bb6 11. h3 Bh5 12. Bxb6 axb6 13. Re3 Kh8 
14. Qe1 f6 15. Rd1 Na5 16. Be6 Qd6 17. Bg4 Bg6 18. Nh4 f5 19. Nxg6+ hxg6 
20. Bf3 Rae8 21. Rb1 e4 22. dxe4 Nc4 23. Rd3 Qf4 24. Rd4 Ne5 25. Be2 c5 
26. Ra4 fxe4 27. Rd1 c4 28. Rd4 b5 29. Ra3 Rf5 30. g3 Nf3+ 31. Bxf3 Qxf3 
32. Qe3 Qxe3 33. fxe3 Rf3 0-1

[Event "2015 NA Class A Ch Finals, S50179"]
[Site "CCLA"]
[Date "2015.04.27"]
[Round "?"]
[White "Ramsden, Jim E."]
[Black "Kleine, Larry"]
[Result "1-0"]
[WhiteElo "1819"]
[BlackElo "1767"]

1. e4 e5 2. Nf3 Nc6 3. Bc4 Nf6 4. d3 Be7 5. O-O O-O 6. Bb3 d6 7. c3 Na5 8.
 Bc2 c5 9. b4 cxb4 10. cxb4 Nc6 11. b5 Na5 12. d4 Bg4 13. d5 Rc8 14. Bd3 
b6 15. Bd2 Nb7 16. Bb4 Nc5 17. Nc3 Qd7 18. Rc1 Nh5 19. Be2 f5 20. Nxe5 
dxe5 21. f3 Bxf3 22. Rxf3 Nf4 23. Rxf4 exf4 24. e5 Ne4 25. d6 Nxc3 26. 
Qb3+ Kh8 27. Rxc3 1-0

[Event "Summer Series, S50301"]
[Site "CCLA"]
[Date "2015.07.25"]
[Round "?"]
[White "Evans, Stanley W."]
[Black "Anderson, Clarence"]
[Result "1/2-1/2"]
[WhiteElo "1834"]
[BlackElo "1717"]

1. e4 e5 2. Nf3 Nc6 3. Bc4 Nf6 4. d3 Be7 5. O-O O-O 6. Bb3 d6 7. c3 d5 8. 
exd5 Nxd5 9. Re1 Bf6 10. Na3 Bf5 11. Nc2 Nb6 12. d4 Bxc2 13. Qxc2 exd4 14.
 cxd4 Nxd4 15. Nxd4 Bxd4 16. Be3 Bxe3 17. Rxe3 Rc8 18. Rd1 Qf6 19. a4 c6 
20. Rde1 Rcd8 21. Re7 Rd7 22. Re8 Qd6 23. Rxf8+ Qxf8 24. g3 Nd5 25. Bxd5 
cxd5 26. Qd2 b6 27. Re5 Qd8 28. Qe1 Kf8 29. Qb4+ Re7 30. a5 f6 31. Rh5 
bxa5 32. Qc5 Kg8 33. Rxd5 Re1+ 34. Kg2 Qa8 35. Kh3 Qe8 36. Rd6 1/2-1/2

[Event "Winter Series, S50021"]
[Site "CCLA"]
[Date "2015.01.28"]
[Round "?"]
[White "Ramsden, Jim E."]
[Black "Fausey, Verna M."]
[Result "1/2-1/2"]
[WhiteElo "1819"]
[BlackElo "1718"]

1. e4 e5 2. Nf3 Nc6 3. Bc4 Nf6 4. d3 Be7 5. O-O O-O 6. Re1 d6 7. c3 Be6 8.
 Bb5 Bd7 9. Nbd2 Rc8 10. h3 a6 11. Ba4 b5 12. Bb3 Na5 13. Bc2 c5 14. Nf1 
b4 15. Bd2 bxc3 16. bxc3 Rb8 17. Rb1 Rxb1 18. Qxb1 Qc7 19. Qa1 Rb8 20. Rb1
c4 21. Rxb8+ Qxb8 22. d4 g6 23. Qb1 Qxb1 24. Bxb1 exd4 25. Nxd4 d5 26. 
exd5 Nxd5 27. Ne3 Nf6 28. Kf1 1/2-1/2

[Event "2015 NA Class C Ch - Rd 1 Sect 2, S50101"]
[Site "CCLA"]
[Date "2015.04.27"]
[Round "?"]
[White "Klimushyn, Charles"]
[Black "Hodgkins, Neil C."]
[Result "0-1"]
[WhiteElo "1156"]
[BlackElo "1442"]

1. e4 e5 2. Nf3 Nc6 3. d4 Nf6 4. Bc4 Be7 5. Nc3 exd4 6. Nxd4 Nxd4 7. Qxd4 
O-O 8. O-O c5 9. Qd1 b6 10. e5 Ne8 11. Qf3 Nc7 12. Nd5 Bb7 0-1

[Event "Winter Series, S50041"]
[Site "CCLA"]
[Date "2015.01.28"]
[Round "?"]
[White "Graupera, Carlos"]
[Black "Strelecky, Rich"]
[Result "0-1"]
[WhiteElo "1514"]
[BlackElo "1667"]

1. e4 e5 2. Nf3 Nc6 3. d4 exd4 4. Bc4 Nf6 5. e5 Ne4 6. O-O Be7 7. c3 d5 8.
 Bb5 dxc3 9. Nxc3 Nxc3 10. bxc3 O-O 11. Nd4 Nxe5 12. Re1 Bd6 13. Nf3 Bg4 
14. Be2 Re8 15. Be3 Nxf3+ 16. Bxf3 Bxf3 17. Qxf3 Be5 18. Bd2 c6 19. Re2 
Qc7 20. g3 Re6 21. Rae1 Rae8 22. Qh5 g6 23. Qh3 Bg7 24. Rxe6 Rxe6 25. Rxe6
Qd7 26. Re8+ Qxe8 27. Qf1 Qe4 28. Qc1 Qc4 29. Qb2 Qe2 30. Qc1 d4 31. cxd4 
Bxd4 0-1

[Event "Winter Series, S50021"]
[Site "CCLA"]
[Date "2015.01.28"]
[Round "?"]
[White "Ramsden, Jim E."]
[Black "Evans, Stanley W."]
[Result "0-1"]
[WhiteElo "1819"]
[BlackElo "1855"]

1. e4 e5 2. Nf3 Nc6 3. Bc4 Nf6 4. d4 exd4 5. e5 Ne4 6. O-O Be7 7. Bf4 d5 
8. exd6 Nxd6 9. Bd5 Nb4 10. Bb3 c5 11. Ne5 O-O 12. c3 dxc3 13. Nxc3 Bf5 
14. a3 Na6 15. Re1 Bf6 16. Qd2 c4 17. Nxc4 Nxc4 18. Bxc4 Qxd2 19. Bxd2 Nc7
20. Rac1 Rad8 21. Be3 a6 22. Bb6 Rc8 23. Na4 Na8 24. Bc5 Rfe8 25. Nb6 Nxb6
26. Rxe8+ Rxe8 27. Bxb6 Bxb2 28. Rd1 Bxa3 29. Bd5 Bc2 30. Rf1 Kf8 31. Be3 
b5 32. Bb7 a5 33. Bc6 Re5 34. Bd4 Rf5 35. Re1 f6 36. Re8+ Kf7 37. Rb8 Bd3 
38. h3 h5 39. Rd8 a4 40. Bd7 Rf4 41. Bc6 Be7 42. Be3 Bxd8 43. Bxf4 Bc4 0-1

[Event "2015 REGULAR QUAD, S50149"]
[Site "CCLA"]
[Date "2015.04.10"]
[Round "?"]
[White "Klimushyn, Charles"]
[Black "Haase, F. Philip"]
[Result "0-1"]
[WhiteElo "1156"]
[BlackElo "1813"]

1. e4 e5 2. Nf3 Nc6 3. d4 exd4 4. Bc4 Nf6 5. e5 d5 6. Bb5 Ne4 7. Nxd4 Bd7 
8. Bxc6 bxc6 9. O-O Bc5 10. f3 Ng5 11. f4 Ne4 12. Be3 Qb8 13. Nc3 Qxb2 14.
 Nxe4 dxe4 15. Qd2 Qb4 16. c3 Qc4 17. f5 O-O-O 18. Rab1 Bb6 19. Rb4 Qd3 
20. Rb2 c5 21. Qxd3 exd3 22. Nb3 Rde8 23. Nxc5 Rxe5 24. Bd4 Rxc5 25. Bxc5 
Bxc5+ 26. Kh1 Re8 27. Rfb1 Bxf5 28. Rb8+ Kd7 29. Rxe8 Kxe8 30. Rd1 Be3 31.
 h3 d2 0-1

[Event "Summer Series, S50291"]
[Site "CCLA"]
[Date "2015.07.25"]
[Round "?"]
[White "Bapple, Edward C."]
[Black "Abbey, William"]
[Result "0-1"]
[WhiteElo "1908"]
[BlackElo "1957"]

1. e4 e5 2. Nf3 Nc6 3. d4 exd4 4. Bc4 Nf6 5. e5 d5 6. Bb5 Ne4 7. Nxd4 Bd7 
8. Bxc6 bxc6 9. O-O Bc5 10. f3 Ng5 11. f4 Ne4 12. Be3 Qb8 13. Nc3 Qxb2 14.
 Nxe4 dxe4 15. Qd2 Qb4 16. c3 Qc4 17. Rfe1 Bb6 18. Bf2 O-O 19. Rxe4 c5 20.
 Qe2 Qxe2 21. Nxe2 Bc6 22. Re3 Rfd8 23. c4 Rd2 24. Be1 Rc2 25. a4 a5 26. 
Bc3 Bd7 27. h3 Be6 28. Re4 Rd8 29. g4 Bxc4 30. Rxc4 Rxe2 31. Be1 Rd4 32. 
Rxd4 cxd4 33. Kf1 Rh2 34. Ra3 Rb2 35. Ra1 Kf8 36. Bf2 c5 37. Rc1 Ke7 38. 
f5 Kd7 39. Rc4 Rb4 0-1

[Event "2015 REGULAR QUAD, S50369"]
[Site "CCLA"]
[Date "2015.08.11"]
[Round "?"]
[White "Graupera, Carlos"]
[Black "Evans, Stanley W."]
[Result "0-1"]
[WhiteElo "1466"]
[BlackElo "1834"]

1. e4 e5 2. Nf3 Nc6 3. d4 exd4 4. Bc4 Nf6 5. O-O Nxe4 6. Re1 d5 7. Bxd5 
Qxd5 8. Nc3 Qa5 9. Nxe4 Be6 10. Neg5 O-O-O 11. Nxe6 fxe6 12. Rxe6 h6 13. 
Bd2 Qf5 14. Re1 g5 15. Qe2 g4 16. Nh4 Qd7 17. Ng6 Rg8 18. Nxf8 Rdxf8 19. 
Qe6 h5 20. Qxd7+ Kxd7 21. Re4 Re8 22. Rxe8 Rxe8 23. Kf1 Ne5 24. Re1 c5 25.
 Bf4 Kd6 26. f3 Kd5 27. fxg4 hxg4 28. Kf2 b5 29. Kg3 c4 30. h3 gxh3 31. 
gxh3 d3 32. cxd3 Rg8+ 0-1